000
00335nam a22001457a 4500
003
OSt
005
20160225162018.0
008
160225b xxu||||| |||| 00| 0 eng d
020
_a
0131002472
040
_c
N/A
100
_a
Carole Anne May
245
_a
Spotlight on paragraph and essay skills
260
_c
2004
942
_2
lcc
_c
BK
999
_c
252636
_d
252635